| 000 | 00686nam a22002417a 4500 | ||
|---|---|---|---|
| 001 | 9267 | ||
| 003 | FISKH | ||
| 005 | 20260319110810.0 | ||
| 008 | 251208b cb ||||| |||| 00| 0 eng d | ||
| 020 | _a9780590033763 | ||
| 040 |
_aFISKH _beng _cFISKH _dFISKH |
||
| 050 | _aPZ7.M9825 B | ||
| 082 | _a811.54 | ||
| 100 | _aMyers, Christopher | ||
| 245 |
_aBlack cat / _cby Christopher Myers |
||
| 260 |
_aNew York : _bSchoalstic, _c1999. |
||
| 300 |
_a40 unnumbered pages : _bcolor illustrations ; _c28 cm |
||
| 505 | _aNP | ||
| 520 | _aA black cat wanders through the streets of a city. | ||
| 650 |
_aSentence Fluency _vPicture Book _xCats |
||
| 942 |
_2ddc _cBK _n0 |
||
| 999 |
_c9267 _d9267 |
||